History Quiz

Random History or Biography Quiz

Who Am I? Famous People III Quiz Stats

 Plays Quiz Updated Mar 28, 2019

Score 0/18 Timer 05:00
1,874 Plays Today
% Correct
Kim Jong-Un
Supreme Leader
97.1%
Vladimir Putin
Russian President
95.2%
Mahatma Gandhi
Anti-War Activist
94.7%
Albert Einstein
Theoretical Physicist
94.5%
Neil Armstrong
Astronaut
94.2%
Stephen King
Author
91.1%
Thomas Jefferson
3rd President
91%
Hillary Clinton
Politician
89.2%
Henry Ford
Ford Motor Company
83.5%
% Correct
Martha Washington
First Lady
82.7%
Charles Dickens
'Great Expectations'
79.9%
Louisa May Alcott
'Little Women'
79.6%
Marilyn Monroe
Actress
78.4%
James Buchanan
15th President
76%
Agatha Christie
Author
75.5%
Elizabeth Taylor
Actress
75.5%
Natalie Wood
Actress
60.3%
Betsy Ross
American Seamstress
54.8%

You're not logged in!

Compare scores with friends on all Sporcle quizzes.
OR
Log In

Sporcle TV

Today on Sporcle TV


Watch our educational content, quiz creation guides, and fun videos on Sporcle TV.

Show Comments

Extras

Top Quizzes Today


Score Distribution

Your Account Isn't Verified!

In order to create a playlist on Sporcle, you need to verify the email address you used during registration. Go to your Sporcle Settings to finish the process.

Report this User

Report this user for behavior that violates our Community Guidelines.

Details: